| 000 | 00339nam a22001457a 4500 | ||
|---|---|---|---|
| 999 |
_c7925 _d7925 |
||
| 003 | OSt | ||
| 005 | 20200604120020.0 | ||
| 008 | 200604b ||||| |||| 00| 0 eng d | ||
| 020 | _a9789388162470 | ||
| 082 |
_a551.480 _bIMA |
||
| 100 | _a Imam, Md. Jafar, | ||
| 245 | _aRivers of India | ||
| 260 |
_aDelhi _bWriters World _c2018 |
||
| 942 | _2ddc | ||